Loading...
| Mythology | 0 | 7 | 0 | 0 | 70 | 40 | 74.71 | 7 | 7 | 0.00 | 0.00 |
| History - Other | 0 | 4 | 0 | 0 | 40 | 21 | 38.25 | 4 | 4 | 0.00 | 0.00 |
| Fine Arts - Other | 0 | 3 | 0 | 0 | 30 | 112 | 115.00 | 0 | 0 | 0.00 | 0.00 |
| History - American | 0 | 3 | 0 | 0 | 30 | 54 | 66.00 | 2 | 3 | 0.00 | 0.00 |
| Religion | 0 | 3 | 0 | 0 | 30 | 90 | 97.00 | 1 | 3 | 0.00 | 0.00 |
| Pop Culture | 0 | 2 | 0 | 0 | 20 | 102 | 115.50 | 0 | 1 | 0.00 | 0.00 |
| Other Academic | 0 | 1 | 0 | 0 | 10 | 63 | 63.00 | 0 | 1 | 0.00 | 0.00 |
| Literature - European | 0 | 2 | 2 | 0 | 10 | 15 | 17.50 | 2 | 2 | 0.00 | 0.00 |
| Literature - World | 0 | 1 | 0 | 0 | 10 | 113 | 113.00 | 0 | 1 | 0.00 | 0.00 |
| Philosophy | 0 | 1 | 0 | 0 | 10 | 91 | 91.00 | 0 | 1 | 0.00 | 0.00 |
| Science - Chemistry | 0 | 1 | 0 | 0 | 10 | 92 | 92.00 | 0 | 1 | 0.00 | 0.00 |
| Science - Physics | 0 | 1 | 1 | 0 | 5 | 112 | 112.00 | 0 | 1 | 0.00 | 0.00 |
| Social Science | 0 | 0 | 1 | 0 | -5 | 0.00 | 0 | 0 | 0.00 | 0.00 |